| 000 | 00563nam a2200205 i 4500 | ||
|---|---|---|---|
| 001 | 70901 | ||
| 003 | ES-MaACL | ||
| 005 | 20230906170947.0 | ||
| 007 | t| | ||
| 008 | 040804s1919 it ||||1| ita d | ||
| 100 | 1 |
_aGaruffa, Egidio. _955797 |
|
| 245 | 1 | 0 |
_aTurbine a vapore / _cEgidio Garuffa. |
| 260 |
_aMilano : _b[s.n., _c1919] ( _fTip. Sociale) |
||
| 300 |
_aXV, 782 p. ; _c15 cm. |
||
| 490 | 1 | _aManuali Hoepli | |
| 500 | _aCon un capitulo sulle turbine a gas. | ||
| 830 | 0 |
_aManuali Hoepli _9180782 |
|
| 852 |
_aES-MaACL _jD-4286 |
||
| 999 |
_c70901 _d70901 |
||